[Event "CZE-chT2D 1314"]
[Site "Czech Republic"]
[Date "2014.01.19"]
[Round "6.8"]
[White "Vavra, Radim"]
[Black "Hornicek, Pavel"]
[Result "1/2-1/2"]
[WhiteElo "2040"]
[BlackElo "1777"]
[PlyCount "60"]
[EventDate "2013.11.03"]
[EventType "team-tourn"]
[EventRounds "11"]
[EventCountry "CZE"]
[SourceTitle "EXT 2016"]
[Source "ChessBase"]
[SourceDate "2015.10.08"]
[SourceVersion "1"]
[SourceVersionDate "2015.10.08"]
[SourceQuality "1"]
[WhiteTeam "Pardubice AKIS"]
[BlackTeam "Rychnov nad Kneznou"]
[WhiteTeamCountry "CZE"]
[BlackTeamCountry "CZE"]

1. e4 e5 2. Nf3 Nc6 3. Bb5 a6 4. Ba4 d6 5. Bxc6+ bxc6 6. d4 exd4 7. Qxd4 c5 8. Qd3 Bb7 9. b3 Be7 10. Bb2 Bf6 11. Nc3 Ne7 12. 0-0 Ng6 13. Rad1 0-0 14. Na4 Nf4 15. Qc4 Bxb2 16. Nxb2 Qd7 17. Ne1 Qg4 18. f3 Qg5 19. Nbd3 Ne2+ 20. Kh1 Qh4 21. Rf2 Nd4 22. b4 Ne6 23. g3 Qh5 24. Ng2 d5 25. exd5 Bxd5 26. Qg4 Qxg4 27. fxg4 Bxa2 28. bxc5 Rfd8 29. Ne3 Bd5+ 30. Kg1 Be4 1/2-1/2

[Event "CZE-chT U20 final-B 1011"]
[Site "Czech Republic"]
[Date "2011.04.17"]
[Round "11.4"]
[White "Hornicek, Pavel"]
[Black "Borufka, Roman"]
[Result "0-1"]
[WhiteElo "1755"]
[BlackElo "1911"]
[PlyCount "114"]
[EventDate "2010.10.02"]
[EventType "team-tourn"]
[EventRounds "11"]
[EventCountry "CZE"]
[SourceTitle "EXT 2012"]
[Source "ChessBase"]
[SourceDate "2011.11.24"]
[SourceVersion "1"]
[SourceVersionDate "2011.11.24"]
[SourceQuality "1"]
[WhiteTeam "Rychnov nad Kneznou (U20)"]
[BlackTeam "Stare Mesto (U20)"]
[WhiteTeamCountry "CZE"]
[BlackTeamCountry "CZE"]

1. e4 c5 2. Nc3 Nc6 3. g3 g6 4. Bg2 Bg7 5. Nge2 Nf6 6. d3 d6 7. Be3 0-0 8. Qd2 Rb8 9. Bh6 b5 10. Bxg7 Kxg7 11. 0-0 b4 12. Nd1 e6 13. f4 Bb7 14. f5 exf5 15. exf5 d5 16. Ne3 Ne7 17. fxg6 hxg6 18. d4 Qc7 19. Rf4 a5 20. Ng4 Nxg4 21. Rxg4 c4 22. Rf1 Rh8 23. Qg5 Qd6 24. Nf4 Bc8 25. Rh4 f6 26. Ne6+ Qxe6 27. Qf4 Rxh4 28. gxh4 Rb6 29. h5 g5 30. Qg3 Qg4 31. Qc7 Qxd4+ 32. Kh1 Rb7 33. Qd8 f5 34. Re1 Qf6 35. Qe8 Be6 36. h3 Rc7 37. Qd8 Rd7 38. Qxa5 Nc6 39. Qa6 Bf7 40. Qc8 Rd8 41. Qc7 Qd6 42. Qb6 Bxh5 43. Qb7+ Qd7 44. Qb6 Re8 45. Rxe8 Bxe8 46. Qe3 f4 47. Qf2 Qf7 48. Qd2 d4 49. Kh2 c3 50. bxc3 bxc3 51. Qd3 Qf6 52. Qe2 Qe5 53. Qf3 Bd7 54. Kh1 Qe1+ 55. Bf1 Ne5 56. Qg2 Qg3 57. Qd5 Bc6 0-1

[Event "CZE-chT U20 final-B 0910"]
[Site "Pavla Vlachovice"]
[Date "2010.04.24"]
[Round "10.4"]
[White "Krejci, Martin"]
[Black "Hornicek, Pavel"]
[Result "0-1"]
[WhiteElo "1846"]
[BlackElo "1780"]
[PlyCount "76"]
[EventDate "2010.04.23"]
[EventType "team-tourn"]
[EventRounds "11"]
[EventCountry "CZE"]
[SourceTitle "EXT 2011"]
[Source "ChessBase"]
[SourceDate "2010.11.26"]
[SourceVersion "1"]
[SourceVersionDate "2010.11.26"]
[SourceQuality "1"]
[WhiteTeam "Vlasim (U20)"]
[BlackTeam "Rychnov nad Kneznou (U20)"]
[WhiteTeamCountry "CZE"]
[BlackTeamCountry "CZE"]

1. e4 e5 2. Nf3 Nc6 3. Bb5 a6 4. Ba4 Nf6 5. 0-0 Nxe4 6. d4 b5 7. Bb3 d5 8. dxe5 Be6 9. c3 Be7 10. h3 0-0 11. Nbd2 Nc5 12. Bc2 d4 13. cxd4 Nxd4 14. Nxd4 Qxd4 15. Nf3 Qd5 16. Qe2 Rad8 17. Ng5 h6 18. Nxe6 Qxe6 19. Bf4 Rfe8 20. b4 Na4 21. Qe4 g6 22. Bb3 Qf5 23. Qxf5 gxf5 24. e6 f6 25. Bxc7 Rd4 26. Rad1 Nc3 27. Rxd4 Ne2+ 28. Kh2 Nxd4 29. Bd5 Bxb4 30. e7+ Kg7 31. Bb6 Ne2 32. Be6 f4 33. Bg4 Nc3 34. Be6 Rxe7 35. Bb3 Re2 36. Bc7 a5 37. a3 a4 38. Be6 Bxa3 0-1

[Event "CZE Czechia-ch U14"]
[Site "Harrachov"]
[Date "2009.10.28"]
[Round "6"]
[White "Hornicek, Pavel"]
[Black "Skalicky, Tomas"]
[Result "1/2-1/2"]
[WhiteElo "1780"]
[BlackElo "1700"]
[PlyCount "35"]
[EventDate "2009.10.24"]
[EventType "swiss"]
[EventRounds "9"]
[EventCountry "CZE"]
[SourceTitle "EXT 2012"]
[Source "ChessBase"]
[SourceDate "2011.11.24"]
[SourceVersion "1"]
[SourceVersionDate "2011.11.24"]
[SourceQuality "1"]

1. e4 c6 2. d4 d5 3. Nc3 dxe4 4. Nxe4 Bf5 5. Ng3 Bg6 6. Nf3 Nd7 7. Bd3 Bxd3 8. Qxd3 Ngf6 9. 0-0 e6 10. Be3 Bd6 11. Rad1 0-0 12. c4 Re8 13. Rfe1 Qc7 14. Re2 Rad8 15. Rc2 e5 16. dxe5 Nxe5 17. Qe2 Ng6 18. c5 1/2-1/2

[Event "CZE Czechia-ch U14"]
[Site "Harrachov"]
[Date "2009.10.27"]
[Round "4"]
[White "Hornicek, Pavel"]
[Black "Bodicky, Michal"]
[Result "1-0"]
[WhiteElo "1780"]
[BlackElo "1566"]
[PlyCount "57"]
[EventDate "2009.10.24"]
[EventType "swiss"]
[EventRounds "9"]
[EventCountry "CZE"]
[SourceTitle "EXT 2012"]
[Source "ChessBase"]
[SourceDate "2011.11.24"]
[SourceVersion "1"]
[SourceVersionDate "2011.11.24"]
[SourceQuality "1"]

1. e4 e5 2. Nf3 Nc6 3. Bc4 Bc5 4. c3 Nf6 5. d4 exd4 6. e5 Ng8 7. cxd4 Bb4+ 8. Bd2 Bxd2+ 9. Qxd2 d6 10. 0-0 Nge7 11. Re1 dxe5 12. d5 Nb8 13. Nxe5 0-0 14. Nc3 Nd7 15. f4 Nf5 16. Bd3 Nf6 17. Bc2 Nd6 18. Re3 Bf5 19. Rd1 Re8 20. Bxf5 Nxf5 21. Rh3 Qd6 22. Na4 Rad8 23. Qc2 g6 24. g4 Ng7 25. Nc3 Qc5+ 26. Kh1 Nxd5 27. Qb3 c6 28. Qxb7 Nxc3 29. Qxf7+ 1-0

[Event "CZE Czechia-ch U14"]
[Site "Harrachov"]
[Date "2009.10.25"]
[Round "2"]
[White "Hornicek, Pavel"]
[Black "Janska, Jitka"]
[Result "1/2-1/2"]
[WhiteElo "1780"]
[BlackElo "1457"]
[PlyCount "104"]
[EventDate "2009.10.24"]
[EventType "swiss"]
[EventRounds "9"]
[EventCountry "CZE"]
[SourceTitle "EXT 2012"]
[Source "ChessBase"]
[SourceDate "2011.11.24"]
[SourceVersion "1"]
[SourceVersionDate "2011.11.24"]
[SourceQuality "1"]

1. e4 e5 2. Nf3 Nc6 3. Bc4 Bc5 4. c3 Nf6 5. d4 exd4 6. e5 d5 7. Bb5 Ne4 8. cxd4 Bb4+ 9. Bd2 Nxd2 10. Nbxd2 Bd7 11. Bxc6 bxc6 12. Qc2 0-0 13. 0-0 Qe7 14. Nb3 Qe6 15. Rac1 f6 16. a3 Be7 17. Rfe1 Rae8 18. Na5 c5 19. exf6 Qxf6 20. dxc5 Bf5 21. Qd2 Be4 22. Re3 Qg6 23. Qd1 Bxc5 24. Rb3 Qg4 25. h3 Bxf3 26. Rxf3 Qd4 27. Nb3 Qxd1+ 28. Rxd1 Rxf3 29. gxf3 Bb6 30. Kf1 Rf8 31. Kg2 Rd8 32. a4 c6 33. Rc1 Rc8 34. Kf1 c5 35. a5 Bd8 36. Rxc5 Rxc5 37. Nxc5 Bxa5 38. Ke2 Bb6 39. Nd3 Kf7 40. Nf4 d4 41. Kd3 a6 42. Ne2 Kf6 43. Nxd4 a5 44. b3 Ke5 45. f4+ Kxf4 46. Ne6+ Kf3 47. Nxg7 Kxf2 48. Kc4 Kg3 49. Kb5 Bg1 50. Kxa5 Kxh3 51. b4 Kg4 52. b5 h5 1/2-1/2

[Event "CZE-chTE U20 0910"]
[Site "Czech Republic"]
[Date "2009.10.04"]
[Round "3.5"]
[White "Hornicek, Pavel"]
[Black "Pribyl, Radek"]
[Result "1/2-1/2"]
[WhiteElo "1780"]
[BlackElo "1761"]
[PlyCount "87"]
[EventDate "2009.10.03"]
[EventType "team-tourn"]
[EventRounds "7"]
[EventCountry "CZE"]
[SourceTitle "EXT 2011"]
[Source "ChessBase"]
[SourceDate "2010.11.26"]
[SourceVersion "1"]
[SourceVersionDate "2010.11.26"]
[SourceQuality "1"]
[WhiteTeam "Rychnov nad Kneznou (U20)"]
[BlackTeam "Brno (U20)"]
[WhiteTeamCountry "CZE"]
[BlackTeamCountry "CZE"]

1. e4 e5 2. Nf3 Nf6 3. Nc3 Nc6 4. Bc4 Nxe4 5. Nxe4 d5 6. Bxd5 Qxd5 7. d3 Bf5 8. Nc3 Bb4 9. Bd2 Bxc3 10. Bxc3 0-0-0 11. Qe2 Rhe8 12. 0-0 Bg4 13. Qe4 Qxe4 14. dxe4 Bxf3 15. gxf3 Nd4 16. Bxd4 Rxd4 17. Rad1 Red8 18. Rxd4 Rxd4 19. Rc1 Kd7 20. Kf1 Ke6 21. Ke2 f5 22. Ke3 f4+ 23. Ke2 Kf6 24. c3 Rd6 25. a4 g5 26. Rg1 c5 27. Rb1 h5 28. h3 c4 29. Ra1 Rb6 30. Rb1 Ke6 31. Kd2 Kd7 32. Kc2 Kc7 33. Rg1 Rg6 34. Rd1 g4 35. fxg4 hxg4 36. hxg4 Rxg4 37. b3 cxb3+ 38. Kxb3 Rg2 39. Rf1 Kc6 40. Kc4 b6 41. Kb4 a6 42. Kc4 a5 43. f3 Rg3 44. Rf2 1/2-1/2

[Event "CZE-ch U14"]
[Site "Kouty nad Desnou"]
[Date "2009.03.13"]
[Round "8"]
[White "Zezula, Rudolf"]
[Black "Hornicek, Pavel"]
[Result "1-0"]
[WhiteElo "1867"]
[BlackElo "1686"]
[PlyCount "57"]
[EventDate "2009.03.07"]
[EventType "swiss"]
[EventRounds "9"]
[EventCountry "CZE"]
[SourceTitle "EXT 2011"]
[Source "ChessBase"]
[SourceDate "2010.11.26"]
[SourceVersion "1"]
[SourceVersionDate "2010.11.26"]
[SourceQuality "1"]

1. e4 e5 2. Nf3 Nc6 3. Bb5 d6 4. 0-0 a6 5. Ba4 Nf6 6. Re1 Be6 7. c3 Be7 8. d4 b5 9. Bc2 Bg4 10. d5 Na5 11. h3 Bh5 12. Nbd2 Qd7 13. b4 Nb7 14. a4 0-0 15. a5 Rac8 16. Nf1 Rfd8 17. g4 Bg6 18. Ng3 c6 19. dxc6 Qxc6 20. Ra3 Qc7 21. Be3 Rd7 22. Bb6 Qb8 23. g5 Nh5 24. Nxe5 dxe5 25. Qxd7 Nxg3 26. Qxe7 Nh5 27. Rd1 h6 28. gxh6 gxh6 29. Rd7 1-0

[Event "CZE-ch U14"]
[Site "Kouty nad Desnou"]
[Date "2009.03.12"]
[Round "7"]
[White "Hornicek, Pavel"]
[Black "Ta, Van Duy"]
[Result "1-0"]
[WhiteElo "1686"]
[BlackElo "1680"]
[PlyCount "93"]
[EventDate "2009.03.07"]
[EventType "swiss"]
[EventRounds "9"]
[EventCountry "CZE"]
[SourceTitle "EXT 2011"]
[Source "ChessBase"]
[SourceDate "2010.11.26"]
[SourceVersion "1"]
[SourceVersionDate "2010.11.26"]
[SourceQuality "1"]

1. e4 c5 2. Nc3 Nc6 3. Nge2 g6 4. d4 cxd4 5. Nxd4 Bg7 6. Be3 Nf6 7. g3 0-0 8. Bg2 d6 9. Qd2 Ng4 10. Nxc6 bxc6 11. h3 Nxe3 12. Qxe3 Ba6 13. f4 Qb8 14. Rb1 Qb4 15. a3 Qa5 16. Kf2 Qc7 17. Bf3 f5 18. exf5 Rxf5 19. Bg4 Rff8 20. Be6+ Kh8 21. Kg2 d5 22. Na4 d4 23. Qe4 c5 24. b3 Rad8 25. Kh2 Bb7 26. Qd3 Bxh1 27. Rxh1 Qc6 28. Re1 Rf6 29. Qc4 Qf3 30. Rf1 Qe3 31. Nxc5 Rd6 32. Bd5 Rf8 33. Ne6 Qd2+ 34. Bg2 Re8 35. Ng5 h6 36. Ne4 Qa5 37. Nxd6 exd6 38. Qf7 Re2 39. Qxg6 Qd2 40. Kh1 Rxg2 41. Qe8+ Bf8 42. Qxf8+ Kh7 43. Qf7+ Kh8 44. Qe8+ Kg7 45. Qd7+ Kf6 46. Qxd6+ Kg7 47. Qc7+ 1-0

[Event "CZE-ch U10"]
[Site "Zlate Hory"]
[Date "2006.03.14"]
[Round "4"]
[White "Hrdina, Robin"]
[Black "Hornicek, Pavel"]
[Result "1/2-1/2"]
[WhiteElo "1250"]
[BlackElo "1320"]
[PlyCount "150"]
[EventDate "2006.03.11"]
[EventType "swiss"]
[EventRounds "9"]
[EventCountry "CZE"]
[SourceTitle "EXT 2008"]
[Source "ChessBase"]
[SourceDate "2007.11.25"]
[SourceVersion "1"]
[SourceVersionDate "2007.11.25"]
[SourceQuality "1"]

1. e4 d5 2. exd5 Nf6 3. Nf3 Bg4 4. Be2 Nxd5 5. 0-0 Nc6 6. Nc3 Nxc3 7. dxc3 e6 8. Be3 Be7 9. h3 Bh5 10. Bd4 0-0 11. Re1 Qd6 12. Qd3 Bg6 13. Qd2 Rad8 14. Red1 e5 15. Be3 Qxd2 16. Rxd2 Rxd2 17. Bxd2 Bxc2 18. Rc1 Bf5 19. Bb5 e4 20. Nd4 Nxd4 21. cxd4 c6 22. Be2 Rd8 23. Be3 Bf6 24. Rd1 Be6 25. a3 c5 26. dxc5 Rxd1+ 27. Bxd1 Bxb2 28. a4 Kf8 29. c6 bxc6 30. Bxa7 Bc3 31. Bb6 Bc4 32. Bg4 Ba6 33. Bd7 Bb7 34. Bc5+ Kg8 35. Kh2 Be5+ 36. Kg1 g6 37. a5 Bc3 38. a6 Bxa6 39. Bxc6 f5 40. Kh2 Be5+ 41. g3 Kg7 42. Kg2 Be2 43. Be3 Kf6 44. h4 Kg7 45. Bd5 Bg4 46. Bc6 Bf6 47. Bd5 h6 48. Bc6 g5 49. hxg5 Bxg5 50. Bxg5 hxg5 51. Bb5 Kf6 52. Bc4 Ke5 53. Kf1 Kd4 54. Ba6 Kc3 55. Bb5 Kd2 56. Ba6 Bh3+ 57. Kg1 Ke1 58. Bc8 Ke2 59. Be6 Kf3 60. Bd5 Bg2 61. Bc4 e3 62. fxe3 Kxg3 63. Be2 Bf3 64. Bd3 Bg4 65. e4 Be2 66. Bxe2 fxe4 67. Bd1 g4 68. Kf1 Kh3 69. Kg1 g3 70. Be2 e3 71. Bf3 g2 72. Bxg2+ Kg3 73. Bf1 Kf3 74. Ba6 e2 75. Bxe2+ Kxe2 1/2-1/2

[Event "CZE-ch U12"]
[Site "Sec u Chrudimi"]
[Date "2005.10.25"]
[Round "5"]
[White "Hornicek, Pavel"]
[Black "Kaftan, Petr"]
[Result "0-1"]
[WhiteElo "1262"]
[BlackElo "1353"]
[PlyCount "82"]
[EventDate "2005.10.22"]
[EventType "swiss"]
[EventRounds "9"]
[EventCountry "CZE"]
[SourceTitle "EXT 2008"]
[Source "ChessBase"]
[SourceDate "2007.11.25"]
[SourceVersion "1"]
[SourceVersionDate "2007.11.25"]
[SourceQuality "1"]

1. e4 c5 2. g3 d6 3. Bg2 Nc6 4. Ne2 Nf6 5. Nbc3 g6 6. d3 Bg7 7. Bg5 0-0 8. Qd2 Bd7 9. Bh6 a6 10. Bxg7 Kxg7 11. h4 Qc7 12. Nf4 h5 13. Ncd5 Nxd5 14. Nxd5 Qd8 15. 0-0 Ne5 16. d4 cxd4 17. Qxd4 Kg8 18. Qe3 Kh7 19. Qg5 Nc6 20. Rfe1 Re8 21. f4 f6 22. Nxf6+ exf6 23. Qd5 Be6 24. Qd3 Qb6+ 25. Kh1 Rad8 26. Qc3 Qd4 27. Qf3 Bg4 28. Qb3 Re7 29. c3 Qc5 30. Qc2 Rde8 31. a3 d5 32. b4 Qb6 33. a4 dxe4 34. a5 Qc7 35. Rxe4 Rxe4 36. Bxe4 f5 37. Bd5 Qe7 38. Qb3 Qe2 39. c4 Re3 40. Bg8+ Kh6 41. Qxe3 Qxe3 0-1